The science and practice of clinical psychology/ (Record no. 6508)

MARC details
000 -LEADER
fixed length control field 00714nam a22002057a 4500
003 - CONTROL NUMBER IDENTIFIER
control field OSt
005 - DATE AND TIME OF LATEST TRANSACTION
control field 20251127160352.0
008 - FIXED-LENGTH DATA ELEMENTS--GENERAL INFORMATION
fixed length control field 251127b |||||||| |||| 00| 0 eng d
020 ## - INTERNATIONAL STANDARD BOOK NUMBER
International Standard Book Number 978-0-495-50823-6
040 ## - CATALOGING SOURCE
Original cataloging agency DWC-Main lib.
Transcribing agency OC
082 ## - DEWEY DECIMAL CLASSIFICATION NUMBER
Edition number Eight edition.
Classification number Circ. 616.89 T866s 2013
100 ## - MAIN ENTRY--PERSONAL NAME
Personal name Trull, Timothy J.
245 ## - TITLE STATEMENT
Title The science and practice of clinical psychology/
Statement of responsibility, etc. Timothy J. Trull
260 ## - PUBLICATION, DISTRIBUTION, ETC.
Place of publication, distribution, etc. Australia :
Name of publisher, distributor, etc. Wadsworth, Cengage Learning,
Date of publication, distribution, etc. c2013.
300 ## - PHYSICAL DESCRIPTION
Extent xxviii, 628 pages :
Other physical details illustrations ;
Dimensions 23 cm.
504 ## - BIBLIOGRAPHY, ETC. NOTE
Bibliography, etc. note Includes references.
650 ## - SUBJECT ADDED ENTRY--TOPICAL TERM
Topical term or geographic name entry element 1. Clinical psychology. I. Prinstein, Mitchell J.
760 ## - MAIN SERIES ENTRY
Edition Eight edition.
942 ## - ADDED ENTRY ELEMENTS (KOHA)
Source of classification or shelving scheme Dewey Decimal Classification
Koha item type Book Circulation
Edition Eight edition.
Call number prefix Circ.
Suppress in OPAC No
952 ## - LOCATION AND ITEM INFORMATION (KOHA)
--
Holdings
Withdrawn status Lost status Source of classification or shelving scheme Damaged status Not for loan Home library Current library Shelving location Date acquired Total Checkouts Full call number Barcode Date last seen Copy number Price effective from Koha item type Uniform Resource Identifier
    Dewey Decimal Classification     College Library College Library Circulation 11/27/2025   Circ. 616.89 T866s 2013 CL50619 11/27/2025 c1 11/27/2025 BK-CIRC